Body size and vigilance mediate asymmetric interference competition for food in fish larvae /

সংরক্ষণ করুন:
গ্রন্থ-পঞ্জীর বিবরন
প্রধান লেখক: Nakayama, Shinnosuke.
অন্যান্য লেখক: Fuiman, Lee A.
বিন্যাস: প্রবন্ধ
ভাষা:English
বিষয়গুলি:
ট্যাগগুলো: ট্যাগ যুক্ত করুন
কোনো ট্যাগ নেই, প্রথমজন হিসাবে ট্যাগ করুন!
Thư viện lưu trữ: Thư viện Trường Đại học Đà Lạt
LEADER 00979nam a2200325 4500
001 DLU110130897
005 ##20111223
040 # # |a DLU  |b eng 
041 # # |a eng 
044 # # |a us 
100 # # |a Nakayama, Shinnosuke. 
245 # # |a Body size and vigilance mediate asymmetric interference competition for food in fish larvae /  |c Shinnosuke Nakayama, Lee A. Fuiman. 
653 # # |a Aggression 
653 # # |a Body size 
653 # # |a Exploitative competition 
653 # # |a Interference competition 
653 # # |a Red drum 
653 # # |a Sciaenops ocellatus 
653 # # |a Vigilance 
700 # # |a Fuiman, Lee A. 
773 # # |t Behavioral ecology  |g Vol. 21, no. 4 (June-August 2010), p. 708-713 
920 # # |a Phòng Tạp chí -- Trung tâm Thông tin - Thư viện Trường Đại học Đà Lạt 
994 # # |a DLU 
900 # # |a True 
911 # # |a Trương Bảo Trâm Anh 
925 # # |a G 
926 # # |a A 
927 # # |a BB 
980 # # |a Thư viện Trường Đại học Đà Lạt